<?xml version="1.0" encoding="UTF-8"?>
<collection xmlns="http://www.loc.gov/MARC21/slim">
 <record>
  <leader>01228nam a2200181 a 4500</leader>
  <controlfield tag="001">1/29860</controlfield>
  <controlfield tag="008">060327s2005    gr       b    00010 gre d</controlfield>
  <datafield tag="020" ind1=" " ind2=" ">
   <subfield code="a">9608886708</subfield>
  </datafield>
  <datafield tag="035" ind1=" " ind2=" ">
   <subfield code="l">31972</subfield>
  </datafield>
  <datafield tag="040" ind1=" " ind2=" ">
   <subfield code="a">GR-PeUP</subfield>
  </datafield>
  <datafield tag="082" ind1="0" ind2="0">
   <subfield code="a">418.02 ΑΡΙ</subfield>
  </datafield>
  <datafield tag="110" ind1="2" ind2=" ">
   <subfield code="a">Αριστοτέλειο Πανεπιστήμιο Θεσσαλονίκης.</subfield>
  </datafield>
  <datafield tag="245" ind1="1" ind2="0">
   <subfield code="a">Ξένες γλώσσες ειδικότητας στην τριτοβάθμια εκπαίδευση : η Ευρωπαική πρόκληση : πρακτικά =</subfield>
   <subfield code="b">Foreign languages for specific purposes at tertiary education : the European challenge : proceedings /</subfield>
   <subfield code="c">Αριστοτέλειο Πανεπιστήμιο Θεσσαλονίκης, Κέντρο Διδασκαλίας Ξένων Γλωσσών = Aristotle University of Thessaloniki , Centre for Foreign Language Teaching</subfield>
  </datafield>
  <datafield tag="246" ind1="1" ind2=" ">
   <subfield code="a">Foreign languages for specific purposes at tertiary education</subfield>
  </datafield>
  <datafield tag="260" ind1="0" ind2=" ">
   <subfield code="a">Θεσσαλονίκη :</subfield>
   <subfield code="b">Κέντρο Διδασκαλίας Ξένων Γλωσσών ΑΠΘ,</subfield>
   <subfield code="c">2005</subfield>
  </datafield>
  <datafield tag="300" ind1=" " ind2=" ">
   <subfield code="a">103 σ. ;</subfield>
   <subfield code="c">22 εκ.</subfield>
  </datafield>
  <datafield tag="504" ind1=" " ind2=" ">
   <subfield code="a">Περιέχει βιβλιογραφία</subfield>
  </datafield>
  <datafield tag="852" ind1=" " ind2=" ">
   <subfield code="a">INST</subfield>
   <subfield code="b">UNIPILB</subfield>
   <subfield code="c">MAIN</subfield>
   <subfield code="e">20060327</subfield>
   <subfield code="h">418.02 ΑΡΙ</subfield>
   <subfield code="p">00139438</subfield>
   <subfield code="q">00139438</subfield>
   <subfield code="t">LOAN</subfield>
   <subfield code="y">0</subfield>
   <subfield code="4">1</subfield>
  </datafield>
 </record>
</collection>
